[Event "New England Open 59th"]
[Site "?"]
[Date "1999.09.05"]
[Round "4"]
[White "Paschall William M"]
[Black "Curdo John"]
[Result "1/2-1/2"]
[WhiteElo "2332"]
[BlackElo "2291"]
[PlyCount "136"]
[EventDate "1999.??.??"]
[Source "www.chesslib.no"]
[SourceDate "2004.05.04"]

1. e4 e5 2. Nf3 Nc6 3. Bb5 a6 4. Ba4 d6 5. c3 Bg4 6. h3 Bh5 7. d4 exd4 8. cxd4 b5 9. Bb3 Nf6 10. Nc3 Be7 11. Be3 O-O 12. O-O Na5 13. Bc2 Nc4 14. Bc1 c5 15. dxc5 dxc5 16. Qxd8 Raxd8 17. b3 Nb6 18. g4 Bg6 19. Ne5 b4 20. Nxg6 hxg6 21. Ne2 Rfe8 22. a3 a5 23. axb4 axb4 24. Ra6 Nfd7 25. Be3 Bf6 26. g5 Be5 27. f4 Bc7 28. e5 Bxe5 29. fxe5 Rxe5 30. Bf4 Rxe2 31. Bd1 Re6 32. Bg4 f5 33. gxf6 Rxf6 34. Bc7 Rxf1+ 35. Kxf1 Rf8+ 36. Kg2 Rf6 37. Bd8 Rd6 38. Kf2 Nb8 39. Rxb6 Rxd8 40. Be6+ Kh7 41. Kf3 Nd7 42. Bxd7 Rxd7 43. Rc6 Rd3+ 44. Kg4 Rc3 45. h4 Rc1 46. Rc8 Rc3 47. Kf4 Rxb3 48. Rxc5 Rb1 49. Kg3 b3 50. Rb5 b2 51. Kg2 Kg8 52. Rb7 Kf8 53. Rb8+ Ke7 54. Rb7+ Ke6 55. Rb6+ Kd5 56. Rb8 Ke4 57. Re8+ Kf4 58. Rb8 Kg4 59. Rb4+ Kh5 60. Kh2 Rc1 61. Rxb2 Rc4 62. Rb7 Kxh4 63. Rxg7 g5 64. Rh7+ Kg4 65. Ra7 Rc2+ 66. Kg1 Kh4 67. Ra4+ g4 68. Ra3 Rc1+ 1/2-1/2

[Event "SCT Ladies Open"]
[Site "Stockholm SWE"]
[Date "2008.03.23"]
[Round "7"]
[White "Toma, K."]
[Black "Burtasova, A."]
[Result "0-1"]
[WhiteElo "2259"]
[BlackElo "2345"]
[PlyCount "76"]
[EventDate "2008.03.20"]
[Source "www.chesslib.no"]
[SourceDate "2004.05.04"]

1. e4 e5 2. Nf3 Nc6 3. Bb5 a6 4. Ba4 d6 5. c3 g6 6. O-O Bg7 7. Qe2 Nge7 8. Rd1 O-O 9. d4 exd4 10. Nxd4 Nxd4 11. cxd4 d5 12. Nc3 dxe4 13. Qxe4 Nf5 14. Bf4 Nd6 15. Qf3 Nc4 16. Bb3 Na5 17. Nd5 Nxb3 18. axb3 Bg4 19. Qxg4 Qxd5 20. Bxc7 Rac8 21. Qg3 Rfe8 22. Rac1 Bh6 23. f4 Bg7 24. Qd3 Re4 25. Be5 Rxc1 26. Rxc1 Bxe5 27. fxe5 Rxd4 28. Qc3 Rd2 29. Qg3 Qd4+ 30. Kf1 Rxb2 31. Re1 Rd2 32. e6 Qf6+ 33. Kg1 fxe6 34. Rf1 Qd4+ 35. Kh1 Rd1 36. Qb8+ Qd8 37. Qf4 Rxf1+ 38. Qxf1 Qd5 0-1

[Event "Nice ol (Men)"]
[Site "Nice FRA"]
[Date "1974.??.??"]
[Round "8"]
[White "Kinnmark, Ove"]
[Black "Sin Kuen"]
[Result "1-0"]
[WhiteElo "2400"]
[BlackElo "2200"]
[PlyCount "75"]
[EventDate "1974.06.06"]
[Source "www.chesslib.no"]
[SourceDate "2004.05.04"]

1. e4 e5 2. Nf3 Nc6 3. Bb5 a6 4. Ba4 d6 5. c3 Nf6 6. d4 b5 7. Bb3 Bg4 8. a4 Na5 9. Bc2 Nc6 10. d5 Ne7 11. h3 Bd7 12. Nbd2 Ng6 13. Nf1 Be7 14. Ng3 O-O 15. O-O Qc8 16. Nf5 Bxf5 17. exf5 Nh8 18. Bg5 Qd7 19. Bxf6 Bxf6 20. Be4 Rab8 21. b4 Be7 22. Qc2 f6 23. axb5 axb5 24. Ra7 Bd8 25. Rfa1 Nf7 26. g4 Qc8 27. Qd3 Qd7 28. R1a6 Be7 29. Qe2 Rfc8 30. Bd3 Qd8 31. Bxb5 e4 32. Nd4 Ng5 33. h4 Nf3+ 34. Nxf3 exf3 35. Qe6+ Kf8 36. Bd7 c5 37. Bxc8 Rxc8 38. Rxe7 1-0

[Event "Politiken Cup 24th"]
[Site "Copenhagen"]
[Date "2002.07.15"]
[Round "1"]
[White "Volokitin, Andrei"]
[Black "Howe, Dennis"]
[Result "1-0"]
[WhiteElo "2545"]
[BlackElo "2052"]
[PlyCount "45"]
[EventDate "2002.07.15"]
[Source "ChessBase"]
[SourceDate "2002.09.11"]

1. e4 e5 2. Nf3 Nc6 3. Bb5 a6 4. Ba4 d6 5. c3 Bg4 6. h3 Bh5 7. d3 Nf6 8. Nbd2 Be7 9. Nf1 b5 10. Bb3 d5 11. Qe2 d4 12. g4 Bg6 13. g5 Nd7 14. Bd5 Ndb8 15. Ng3 f6 16. cxd4 exd4 17. h4 Bf7 18. Bxf7+ Kxf7 19. gxf6 Bb4+ 20. Kd1 gxf6 21. Nf5 Nd7 22. Qc2 Nde5 23. Nxe5+ 1-0

[Event "Vejle op"]
[Site "Vejle"]
[Date "1974.??.??"]
[Round "3"]
[White "Pedersen, Karl"]
[Black "Ingerslev, Age"]
[Result "1-0"]
[WhiteElo "2375"]
[BlackElo "2200"]
[PlyCount "81"]
[EventDate "1974.??.??"]
[Source "ChessBase"]

1. e4 e5 2. Nf3 Nc6 3. Bb5 a6 4. Ba4 d6 5. c3 Nge7 6. d4 Bd7 7. Nbd2 g6 8. Nf1 Bg7 9. Ng3 O-O 10. O-O exd4 11. Nxd4 Nxd4 12. cxd4 Bxa4 13. Qxa4 b5 14. Qd1 c5 15. dxc5 dxc5 16. Qg4 f5 17. Qh4 Rf7 18. Bg5 Qf8 19. Rae1 f4 20. Ne2 f3 21. gxf3 Nc6 22. Qh3 Re8 23. Kg2 Bxb2 24. Be3 Ne5 25. Bh6 Qe7 26. f4 Nc4 27. Ng3 Bg7 28. f5 Nd6 29. fxg6 hxg6 30. Bc1 Qe6 31. f4 Qxa2+ 32. Kh1 Qc4 33. Qg2 Rfe7 34. e5 Nf7 35. Ne4 Re6 36. Rg1 Kf8 37. Be3 Rc8 38. Rc1 Qd3 39. Bxc5+ Kg8 40. Rcd1 Qb3 41. f5 1-0

[Event "Smederevska Polanka+"]
[Site "Smederevska Polanka"]
[Date "1979.06.02"]
[Round "1"]
[White "Zivanovic, Ivan"]
[Black "Vukovic, Milosav"]
[Result "1-0"]
[WhiteElo "2200"]
[BlackElo "2360"]
[PlyCount "77"]
[EventDate "1979.06.??"]
[Source "www.chesslib.no"]
[SourceDate "2004.05.04"]

1. e4 e5 2. Nf3 Nc6 3. Bb5 a6 4. Ba4 d6 5. c3 Nge7 6. d4 Bd7 7. Nbd2 Ng6 8. Nf1 Be7 9. Ne3 O-O 10. O-O Bf6 11. d5 Nce7 12. Bxd7 Qxd7 13. g3 Rac8 14. c4 c6 15. Bd2 cxd5 16. cxd5 Qb5 17. Bc3 Rfe8 18. a4 Qd7 19. Qd3 Nf8 20. Nc4 Qc7 21. Nfd2 Nd7 22. Qe3 Ng6 23. Bb4 Be7 24. Rfc1 Qb8 25. Qa3 Nc5 26. Nb6 Rcd8 27. Bxc5 dxc5 28. Ndc4 Nf8 29. Qc3 Ng6 30. a5 Bf8 31. h4 Qc7 32. h5 Nh8 33. h6 g6 34. d6 Qc6 35. Nd5 Rxd6 36. Nxd6 Qxd6 37. Qxc5 Qe6 38. Qe3 f5 39. Nc7 1-0

[Event "SCT Ladies Open"]
[Site "Stockholm SWE"]
[Date "2008.03.22"]
[Round "5"]
[White "Umudova, N."]
[Black "Burtasova, A."]
[Result "1/2-1/2"]
[WhiteElo "2205"]
[BlackElo "2345"]
[PlyCount "98"]
[EventDate "2008.03.20"]
[Source "www.chesslib.no"]
[SourceDate "2004.05.04"]

1. e4 e5 2. Nf3 Nc6 3. Bb5 a6 4. Ba4 d6 5. c3 g6 6. O-O Bg7 7. h3 Nge7 8. d4 O-O 9. dxe5 dxe5 10. Qe2 b5 11. Rd1 Qe8 12. Bc2 Na5 13. Nbd2 c5 14. Nf1 Bb7 15. Ne3 Rd8 16. a4 c4 17. axb5 Qxb5 18. Ba4 Rxd1+ 19. Qxd1 Qc5 20. Bc2 Qc7 21. Qe2 Nc8 22. Bd2 Nd6 23. Ng4 Re8 24. Bg5 Re6 25. Nd2 Qb6 26. Ne3 h6 27. Bh4 Kh7 28. Ra2 Qc7 29. f3 Re8 30. Bf2 Rb8 31. Qf1 Bc6 32. Qa1 Nb3 33. Bxb3 cxb3 34. Rxa6 f5 35. Ra7 Bb7 36. exf5 gxf5 37. Nxb3 e4 38. Qa5 Qd7 39. Nc5 f4 40. Nxb7 Rxb7 41. Rxb7 Qxb7 42. Nf5 Nc4 43. Qc5 e3 44. Qxc4 exf2+ 45. Kf1 Qxb2 46. Qf7 Qxc3 47. Kxf2 Qc5+ 48. Kf1 Qc1+ 49. Kf2 Qc5+ 1/2-1/2

[Event "Natick, MA"]
[Site "?"]
[Date "1998.02.??"]
[Round "?"]
[White "Slater Derek"]
[Black "Curdo John"]
[Result "1/2-1/2"]
[WhiteElo "2130"]
[BlackElo "2417"]
[PlyCount "45"]
[EventDate "1998.??.??"]
[Source "www.chesslib.no"]
[SourceDate "2004.05.04"]

1. e4 e5 2. Nf3 Nc6 3. Bb5 a6 4. Ba4 d6 5. c3 Nf6 6. O-O Bg4 7. h3 Bh5 8. Re1 Be7 9. d4 exd4 10. cxd4 O-O 11. Bxc6 bxc6 12. Nc3 Nd7 13. Qd3 c5 14. Ne2 Bf6 15. d5 Rb8 16. Rb1 c4 17. Qxc4 Bxf3 18. gxf3 Ne5 19. Qc3 Ng6 20. Qd3 Ne5 21. Qc3 Ng6 22. Qd3 Ne5 23. Qc3 1/2-1/2

[Event "XI Festival"]
[Site "Voronezh RUS"]
[Date "2007.06.13"]
[Round "2"]
[White "Zherebukh, Y."]
[Black "Khashimov, V."]
[Result "1-0"]
[WhiteElo "2365"]
[BlackElo "2182"]
[PlyCount "104"]
[EventDate "2007.06.12"]
[Source "www.chesslib.no"]
[SourceDate "2004.05.04"]

1. e4 e5 2. Nf3 Nc6 3. Bb5 a6 4. Ba4 d6 5. c3 Nf6 6. d4 Bd7 7. Nbd2 Be7 8. O-O b5 9. Bc2 O-O 10. Re1 Re8 11. d5 Nb8 12. a4 bxa4 13. Nc4 Bb5 14. Ne3 c5 15. dxc6 Bxc6 16. Nf5 Ra7 17. Bg5 Bf8 18. Bxa4 Bxa4 19. Rxa4 h6 20. Bxf6 Qxf6 21. Ne3 Rb7 22. Nd5 Qe6 23. b4 Rc8 24. Qd3 Qd7 25. Rea1 Be7 26. Nd2 Bd8 27. Nf1 g6 28. Nfe3 Kg7 29. R4a2 Bg5 30. g3 Bxe3 31. Nxe3 Qc6 32. Rc2 Rf8 33. Rd2 Rd7 34. Ra5 Rc8 35. Nd5 Rf8 36. Ne3 Rc8 37. Ra3 h5 38. h4 Qc7 39. Nd5 Qd8 40. Re2 Rc6 41. Re3 f6 42. f4 Qe8 43. Ra2 Rf7 44. Rf2 exf4 45. gxf4 Nd7 46. Rg3 Kh6 47. Rfg2 Rg7 48. f5 g5 49. Nxf6 Nxf6 50. hxg5+ Kh7 51. gxf6 Rxg3 52. Qxg3 Qf7 1-0

[Event "US op 101st"]
[Site "Saint Paul"]
[Date "2000.08.09"]
[Round "5"]
[White "Kramer, George Mortimer"]
[Black "Curdo, John"]
[Result "1/2-1/2"]
[WhiteElo "2259"]
[BlackElo "2282"]
[PlyCount "25"]
[EventDate "2000.08.05"]
[Source "www.chesslib.no"]
[SourceDate "2004.05.04"]

1. e4 Nc6 2. Nf3 e5 3. Bb5 a6 4. Ba4 d6 5. c3 Nf6 6. Qe2 Be7 7. O-O Bg4 8. d3 Nd7 9. Nbd2 Nc5 10. Bc2 Ne6 11. Nc4 O-O 12. h3 Bh5 13. Ne3 1/2-1/2

[Event "Budapest HUN"]
[Site "?"]
[Date "2006.03.08"]
[Round "5"]
[White "Horvath Andras"]
[Black "Adams Nick A"]
[Result "1/2-1/2"]
[WhiteElo "2329"]
[BlackElo "2212"]
[PlyCount "78"]
[EventDate "2006.??.??"]
[Source "www.chesslib.no"]
[SourceDate "2004.05.04"]

1. e4 e5 2. Nf3 Nc6 3. Bb5 a6 4. Ba4 d6 5. c3 Nf6 6. O-O Bg4 7. h3 Bh5 8. Qe2 Be7 9. d3 Qd7 10. Nbd2 g5 11. Bxc6 bxc6 12. g4 Nxg4 13. hxg4 Qxg4+ 14. Kh2 Rg8 15. Rg1 Qe6 16. Rg3 g4 17. Ne1 Bh4 18. Ng2 Bxg3+ 19. fxg3 Kd7 20. b3 Bg6 21. Bb2 f5 22. exf5 Bxf5 23. Rf1 Raf8 24. Nh4 Bg6 25. c4 Rxf1 26. Qxf1 Ke7 27. c5 Qd5 28. cxd6+ cxd6 29. Nxg6+ Rxg6 30. Ne4 Qf7 31. Qc1 Qf3 32. Qd2 h5 33. Bxe5 dxe5 34. Qb4+ Kf7 35. Qb7+ Kg8 36. Qb8+ Kh7 37. Qc7+ Kg8 38. Qc8+ Kh7 39. Qc7+ Kg8 1/2-1/2

[Event "Campionato Americano 2007"]
[Site "Cali COL"]
[Date "2007.07.10"]
[Round "1.31"]
[White "Castro, Oscar H"]
[Black "Franco, Beatriz"]
[Result "1-0"]
[WhiteElo "2390"]
[BlackElo "2130"]
[PlyCount "107"]
[EventDate "2007.07.10"]
[Source "www.chesslib.no"]
[SourceDate "2004.05.04"]

1. e4 e5 2. Nf3 Nc6 3. Bb5 a6 4. Ba4 d6 5. c3 g6 6. d4 b5 7. Bb3 Bg7 8. Be3 Qe7 9. dxe5 Nxe5 10. Nxe5 Bxe5 11. Qd5 Rb8 12. Ba7 Rb7 13. Be3 c5 14. a4 Be6 15. Qc6+ Qd7 16. Qxd7+ Kxd7 17. Bxe6+ fxe6 18. Nd2 Ne7 19. axb5 axb5 20. Kd1 Rc8 21. Kc2 d5 22. exd5 exd5 23. Rhd1 Bd6 24. Nf3 Kc6 25. Bg5 Rd8 26. Ra6+ Rb6 27. Rxb6+ Kxb6 28. Rxd5 Nxd5 29. Bxd8+ Kc6 30. g3 h6 31. Nd2 Kd7 32. Ne4 Bf8 33. Ba5 Ke6 34. b3 Be7 35. c4 bxc4 36. bxc4 Nb4+ 37. Kc3 Ke5 38. f3 Na6 39. Kd3 Nb4+ 40. Kc3 Na6 41. Nf2 h5 42. Nd3+ Kf5 43. h3 g5 44. g4+ hxg4 45. hxg4+ Ke6 46. Bb6 Kd6 47. Kd2 Kc6 48. Ba5 Nb4 49. Nf2 Kd6 50. Ke3 Ke6 51. Ke4 Nc2 52. Bd2 Kf6 53. Kd5 Nd4 54. Bc3 1-0

[Event "CZE-chT1 9596"]
[Site "Czech Republic"]
[Date "1995.??.??"]
[Round "?"]
[White "Dolezal, Radoslav jr"]
[Black "Muron, Miroslav"]
[Result "1-0"]
[WhiteElo "2260"]
[BlackElo "2245"]
[PlyCount "71"]
[EventDate "1995.??.??"]
[Source "www.chesslib.no"]
[SourceDate "2004.05.04"]

1. e4 e5 2. Nf3 Nc6 3. Bb5 a6 4. Ba4 d6 5. c3 b5 6. Bc2 g6 7. d4 Bg7 8. dxe5 dxe5 9. Qxd8+ Nxd8 10. a4 Bb7 11. axb5 axb5 12. Rxa8 Bxa8 13. Na3 c6 14. Ke2 Kd7 15. Rd1+ Kc7 16. b4 Ne6 17. c4 bxc4 18. Nxc4 Nf6 19. Nfxe5 Rb8 20. Ba3 Nd5 21. Kf1 f6 22. exd5 cxd5 23. b5 Rxb5 24. Nd6 Ra5 25. Ne8+ Kd8 26. Nxg7 Nxg7 27. Bb4 Ra2 28. Bb3 Rb2 29. Bxd5 Bxd5 30. Rxd5+ Ke8 31. Nd3 Rb3 32. g3 Nf5 33. Ke2 h5 34. Bd2 Ne7 35. Rc5 g5 36. h4 1-0

[Event "Autonomico Team Ch"]
[Site "Aragon"]
[Date "1996.??.??"]
[Round "?"]
[White "Reig Albero, Ferran"]
[Black "Bevia, Luis Martinez"]
[Result "1/2-1/2"]
[WhiteElo "2225"]
[BlackElo "2230"]
[PlyCount "95"]
[EventDate "1996.??.??"]
[Source "www.chesslib.no"]
[SourceDate "2004.05.04"]

1. e4 e5 2. Nf3 Nc6 3. Bb5 a6 4. Ba4 d6 5. c3 Nge7 6. O-O Ng6 7. d4 b5 8. Bb3 Be7 9. dxe5 dxe5 10. Qe2 Na5 11. Rd1 Bd7 12. Bc2 O-O 13. b4 Nc4 14. a4 Rb8 15. Bd3 Nd6 16. axb5 axb5 17. Be3 Ra8 18. Nbd2 Bc6 19. Bc5 Nf4 20. Qf1 Rxa1 21. Rxa1 Nc4 22. Bxc4 Bxc5 23. Bxb5 Bxb5 24. Qxb5 Bb6 25. Nb3 f6 26. Nc5 Qd6 27. g3 Bxc5 28. gxf4 Bb6 29. Qd5+ Qxd5 30. exd5 e4 31. Nd2 e3 32. Nc4 exf2+ 33. Kf1 Rd8 34. Nxb6 cxb6 35. Rd1 b5 36. Kxf2 Kf7 37. Ke3 Ke7 38. Kd4 Rc8 39. Re1+ Kd7 40. Re6 Rc4+ 41. Kd3 Rxf4 42. Rb6 Rf3+ 43. Kd4 Rf4+ 44. Kc5 Rc4+ 45. Kxb5 Rxc3 46. Rb7+ Kd6 47. Rxg7 Rh3 48. Rf7 1/2-1/2

[Event "Hamburg Ch"]
[Site "Hamburg GER"]
[Date "1994.??.??"]
[Round "1"]
[White "Putzbach, Gerd"]
[Black "Beyer, Hans Joachim"]
[Result "1/2-1/2"]
[WhiteElo "2260"]
[BlackElo "2190"]
[PlyCount "180"]
[EventDate "1994.??.??"]
[Source "www.chesslib.no"]
[SourceDate "2004.05.04"]

1. e4 e5 2. Nf3 Nc6 3. Bb5 a6 4. Ba4 d6 5. c3 Nf6 6. O-O b5 7. Bb3 Bg4 8. d3 Be7 9. Nbd2 O-O 10. h3 Bh5 11. g4 Bg6 12. Nh4 Na5 13. f4 exf4 14. Rxf4 Nxb3 15. Nxb3 c5 16. Qe2 Nd7 17. Nxg6 hxg6 18. d4 c4 19. Nd2 Bg5 20. Rf3 Qe7 21. Nf1 Bxc1 22. Rxc1 f5 23. Re1 Rae8 24. Re3 f4 25. Rf3 g5 26. Nd2 Nb6 27. Kf1 d5 28. e5 Na4 29. b3 Nb2 30. Nxc4 Nxc4 31. bxc4 bxc4 32. Qc2 Qe6 33. Rb1 Rb8 34. Kg2 Rb6 35. Rf2 g6 36. Rb2 Rfb8 37. Rxb6 Rxb6 38. Qa4 Kg7 39. Qa3 Kf7 40. Qc5 Rb1 41. Re2 Kg7 42. Qc7+ Qf7 43. Qxf7+ Kxf7 44. e6+ Ke7 45. Re5 Rb2+ 46. Kf3 Rxa2 47. Rxg5 Rh2 48. Rxg6 Rxh3+ 49. Kxf4 Kd6 50. e7+ Kxe7 51. Rxa6 Rxc3 52. Ke5 Rg3 53. Ra7+ Kf8 54. g5 c3 55. Rc7 Kg8 56. Kf6 Rf3+ 57. Kg6 Kf8 58. Rc5 Ke7 59. Rxd5 c2 60. Rc5 Rf2 61. Kh6 Rh2+ 62. Kg7 Rh5 63. Kg6 Rh2 64. Rc6 Kd7 65. d5 Rg2 66. Kf6 Rf2+ 67. Kg7 Rg2 68. g6 Rf2 69. Kh7 Rh2+ 70. Kg8 Rf2 71. g7 Rh2 72. Kf7 Rf2+ 73. Kg6 Rg2+ 74. Kf6 Rf2+ 75. Ke5 Re2+ 76. Kd4 Rg2 77. Rxc2 Rxg7 78. Kc5 Rg1 79. Rc3 Rd1 80. Rc2 Rh1 81. Rc4 Rd1 82. Rc2 Rh1 83. Re2 Rc1+ 84. Kd4 Rd1+ 85. Ke5 Rh1 86. Rd2 Re1+ 87. Kd4 Kd6 88. Rd3 Rh1 89. Rg3 Rd1+ 90. Kc4 Rc1+ 1/2-1/2

[Event "It (Men) Budapest HUN"]
[Site "?"]
[Date "2006.05.11"]
[Round "6"]
[White "Darazs Zoltan"]
[Black "Adams Nick A"]
[Result "1-0"]
[WhiteElo "2227"]
[BlackElo "2192"]
[PlyCount "109"]
[EventDate "2006.??.??"]
[Source "www.chesslib.no"]
[SourceDate "2004.05.04"]

1. e4 e5 2. Nf3 Nc6 3. Bb5 a6 4. Ba4 d6 5. c3 Nf6 6. O-O Bg4 7. d3 g6 8. h3 Bd7 9. Re1 Bg7 10. Nbd2 O-O 11. Nf1 b5 12. Bc2 h6 13. Be3 Na5 14. b4 Nb7 15. d4 Re8 16. Ng3 c5 17. Qd2 Kh7 18. Rad1 Qc7 19. dxe5 dxe5 20. bxc5 Be6 21. Bb3 Nxc5 22. Bxc5 Qxc5 23. Qd6 Bf8 24. Qxc5 Bxc5 25. Rc1 Rac8 26. Red1 Kg7 27. Kf1 Ba3 28. Rc2 a5 29. Rb1 Bd7 30. Bd5 Nxd5 31. exd5 b4 32. c4 Ba4 33. Rb3 Bb5 34. Nd2 Red8 35. Rd3 f5 36. f3 a4 37. Ke1 h5 38. Kd1 h4 39. cxb5 Rxc2 40. Nxf5+ gxf5 41. Kxc2 Kf7 42. Kd1 Bb2 43. Nc4 e4 44. fxe4 fxe4 45. Rd2 Bc3 46. Rf2+ Ke7 47. Rf5 b3 48. axb3 axb3 49. b6 Kd7 50. Rf7+ Kc8 51. d6 Bb4 52. Rc7+ Kb8 53. d7 b2 54. Kc2 Bc3 55. Nd6 1-0

[Event "Hamburg-ch"]
[Site "Hamburg"]
[Date "1985.??.??"]
[Round "?"]
[White "Putzbach, Gerd"]
[Black "Beyer, Hans Joachim"]
[Result "1-0"]
[WhiteElo "2200"]
[BlackElo "2200"]
[PlyCount "113"]
[EventDate "1985.??.??"]
[Source "ChessBase"]

1. e4 e5 2. Nf3 Nc6 3. Bb5 a6 4. Ba4 d6 5. c3 Nf6 6. O-O b5 7. Bc2 Bg4 8. h3 Bh5 9. g4 Bg6 10. Re1 Qd7 11. d4 Be7 12. dxe5 Nxg4 13. hxg4 Qxg4+ 14. Kh1 Bh5 15. Nh2 Qh4 16. Qd2 Nxe5 17. Qf4 Ng4 18. Kg2 Nxh2 19. Qxh2 Bf3+ 20. Kg1 Qg4+ 21. Kf1 Bf6 22. Bf4 g5 23. e5 O-O-O 24. exf6 gxf4 25. Nd2 Bc6 26. Be4 d5 27. Bf3 Qf5 28. Nb3 Qxf6 29. Nd4 Bb7 30. Ne2 Kb8 31. Qxf4 Qg6 32. Ng3 Qd3+ 33. Kg2 h5 34. Re7 Qc4 35. Qxc4 dxc4 36. Bxb7 Kxb7 37. Rae1 h4 38. Nf5 h3+ 39. Kh2 Rd2 40. R1e2 Rxe2 41. Rxe2 Rh5 42. Ng3 Rh6 43. Ne4 Kb6 44. Ng5 f6 45. Nxh3 a5 46. Kg3 b4 47. Nf4 Kc5 48. Kg4 Rh1 49. Kf5 Ra1 50. Kxf6 Rxa2 51. Ke5 Kb5 52. Ne6 c5 53. Kd5 bxc3 54. Nc7+ Ka4 55. Kxc4 cxb2 56. Nb5 Ra1 57. Rxb2 1-0

[Event "79 ARG-ch Buenos Aires"]
[Site "Bolsa de Comercio"]
[Date "2004.09.26"]
[Round "4.19"]
[White "Cristobal, Ruben"]
[Black "Siemprevivo, Marcelo"]
[Result "1/2-1/2"]
[WhiteElo "2298"]
[BlackElo "2087"]
[PlyCount "115"]
[EventDate "2004.09.24"]
[Source "www.chesslib.no"]
[SourceDate "2004.05.04"]

1. e4 e5 2. Nf3 Nc6 3. Bb5 a6 4. Ba4 d6 5. c3 Nf6 6. Qe2 b5 7. Bc2 Be7 8. h3 O-O 9. O-O Re8 10. a4 b4 11. a5 Bf8 12. d3 h6 13. Re1 Bd7 14. Kh2 g6 15. Nbd2 Nh5 16. g3 Qc8 17. Ng1 Rb8 18. Ba4 Bg7 19. Nc4 Nf6 20. Qf3 Nh7 21. Bd2 Ng5 22. Qg2 Ne6 23. Bc2 Nc5 24. Be3 Be6 25. Bxc5 Bxc4 26. Be3 Be6 27. Ba4 Bd7 28. c4 Ne7 29. Bxd7 Qxd7 30. b3 c5 31. Ra2 Qb7 32. f4 Kh7 33. Rf1 f5 34. Nf3 exf4 35. Bxf4 Rbd8 36. exf5 Qd7 37. fxg6+ Nxg6 38. Nd2 d5 39. cxd5 Qxd5 40. Qxd5 Rxd5 41. Ne4 Rxd3 42. Nxc5 Rc3 43. Nxa6 Rxb3 44. Nc7 Rc8 45. a6 Ra3 46. Rxa3 bxa3 47. a7 a2 48. a8=Q Rxa8 49. Nxa8 a1=Q 50. Rxa1 Bxa1 51. Be3 Be5 52. Kg2 Ne7 53. Nb6 Nf5 54. Bf2 h5 55. Nd7 Bd6 56. Kf3 Kg6 57. Nb6 Kh6 58. Nd5 1/2-1/2

[Event "Budapest HUN"]
[Site "?"]
[Date "2006.02.13"]
[Round "9"]
[White "Moussard Jules"]
[Black "Adams Nick A"]
[Result "0-1"]
[WhiteElo "2117"]
[BlackElo "2212"]
[PlyCount "72"]
[EventDate "2006.??.??"]
[Source "www.chesslib.no"]
[SourceDate "2004.05.04"]

1. e4 e5 2. Nf3 Nc6 3. Bb5 a6 4. Ba4 d6 5. c3 Nf6 6. Bc2 g6 7. O-O Bg7 8. h3 O-O 9. d4 h6 10. Re1 Nh5 11. a4 Qf6 12. Be3 Nf4 13. Nbd2 g5 14. d5 Ne7 15. Nh2 Qg6 16. Bxf4 exf4 17. Nc4 Qf6 18. Ng4 Bxg4 19. Qxg4 Ng6 20. a5 Rfb8 21. Ra3 b5 22. axb6 cxb6 23. Qf5 Qd8 24. Rea1 Qc7 25. Bd3 b5 26. Na5 b4 27. Ra4 bxc3 28. bxc3 Qxc3 29. R4a3 Qc5 30. R1a2 Rb2 31. Rxb2 Qc1+ 32. Kh2 Qxb2 33. Rb3 Qxf2 34. Bxa6 Nh4 35. Qg4 Bd4 36. Rb1 f3 0-1

[Event "It (Open) Piacenza ITA"]
[Site "?"]
[Date "2005.10.28"]
[Round "8"]
[White "Schula Michal"]
[Black "Paldus Petr"]
[Result "1/2-1/2"]
[WhiteElo "2245"]
[BlackElo "2077"]
[PlyCount "50"]
[EventDate "2005.??.??"]
[Source "www.chesslib.no"]
[SourceDate "2004.05.04"]

1. e4 e5 2. Nf3 Nc6 3. Bb5 a6 4. Ba4 d6 5. c3 Bg4 6. h3 Bh5 7. O-O Be7 8. Qe2 g5 9. g4 Bg6 10. d4 b5 11. Bc2 h5 12. Rd1 hxg4 13. hxg4 Qd7 14. Nh2 Nf6 15. d5 Na7 16. f3 Kf8 17. Be3 Kg7 18. Kg2 Rh7 19. Bg1 c5 20. dxc6 Nxc6 21. a4 b4 22. Bd3 Rah8 23. cxb4 Nxb4 24. Nc3 d5 25. Rf1 Nxd3 1/2-1/2

[Event "It (Open) Southend ENG"]
[Site "?"]
[Date "2006.04.16"]
[Round "5"]
[White "Wallace John Paul"]
[Black "Young Craig A"]
[Result "1-0"]
[WhiteElo "2209"]
[BlackElo "2102"]
[PlyCount "65"]
[EventDate "2006.??.??"]
[Source "www.chesslib.no"]
[SourceDate "2004.05.04"]

1. e4 e5 2. Nf3 Nc6 3. Bb5 a6 4. Ba4 d6 5. c3 Nf6 6. Qe2 Be7 7. O-O Bg4 8. h3 Bh5 9. d3 O-O 10. Nbd2 Bxf3 11. Nxf3 b5 12. Bc2 b4 13. Ba4 Nb8 14. cxb4 a5 15. bxa5 Rxa5 16. Bc2 c5 17. Bd2 Ra7 18. b4 cxb4 19. Bxb4 Nc6 20. Bd2 Qa8 21. Bb3 Rb8 22. Rac1 h6 23. Rc2 Nb4 24. Bxb4 Rxb4 25. Rfc1 Qb7 26. Rc8+ Bf8 27. Rd8 Nd7 28. Rcc8 g6 29. Nh4 Kg7 30. Qg4 Nf6 31. Nf5+ Kh7 32. Qh4 g5 33. Qxh6+ 1-0

[Event "Open Mediterranean 2013"]
[Site "Fiume CRO"]
[Date "2007.12.01"]
[Round "8.29"]
[White "Plenca, Julijan"]
[Black "Klasan, Elvis"]
[Result "1-0"]
[WhiteElo "2221"]
[BlackElo "2082"]
[PlyCount "71"]
[EventDate "2007.11.25"]
[Source "www.chesslib.no"]
[SourceDate "2004.05.04"]

1. e4 e5 2. Nf3 Nc6 3. Bb5 d6 4. c3 a6 5. Ba4 b5 6. Bc2 Bg4 7. h3 Bxf3 8. Qxf3 Be7 9. d3 Bg5 10. Bb3 Bf6 11. O-O Na5 12. Bc2 Bg5 13. Nd2 Nf6 14. Re1 O-O 15. d4 Nc6 16. Nb3 Bxc1 17. Rexc1 Qd7 18. Bd3 Ne8 19. Qg4 Nf6 20. Qxd7 Nxd7 21. a4 Na7 22. axb5 Nxb5 23. Ra5 Rfb8 24. Bc4 Nb6 25. Bf1 Nd7 26. d5 Rb6 27. Nd2 Nc5 28. Rca1 Rab8 29. f3 Kf8 30. b4 Nb7 31. Rxa6 Nxc3 32. Rxb6 cxb6 33. Ra3 Rc8 34. Ba6 Ra8 35. Rxc3 Rxa6 36. Rc8+ 1-0

[Event "Gent op 19th"]
[Site "?"]
[Date "1996.??.??"]
[Round "1"]
[White "Dutreeuw Marc"]
[Black "Gnad Gunnar"]
[Result "1-0"]
[WhiteElo "2405"]
[BlackElo "1840"]
[PlyCount "57"]
[EventDate "1996.??.??"]
[Source "www.chesslib.no"]
[SourceDate "2004.05.04"]

1. e4 e5 2. Nf3 Nc6 3. Bb5 a6 4. Ba4 d6 5. c3 Bg4 6. h3 Bh5 7. d3 Nf6 8. g4 Bg6 9. Nh4 Be7 10. Qf3 O-O 11. Nf5 Nd7 12. h4 Bxf5 13. gxf5 Bf6 14. Nd2 b5 15. Bc2 b4 16. Nf1 Nb6 17. Ng3 d5 18. Nh5 dxe4 19. dxe4 Qd6 20. Nxf6+ Qxf6 21. Bg5 Qd6 22. f6 g6 23. h5 Nd8 24. hxg6 fxg6 25. Rd1 Qc6 26. Bb3+ Ne6 27. Rxh7 Rf7 28. Bxe6 Qxe6 29. Rh6 1-0

[Event "Ludwigshafen"]
[Site "?"]
[Date "1996.??.??"]
[Round "?"]
[White "Lambert Andreas"]
[Black "Wetzel Gerhard"]
[Result "1-0"]
[WhiteElo "2205"]
[BlackElo "2005"]
[PlyCount "65"]
[EventDate "1996.??.??"]
[Source "www.chesslib.no"]
[SourceDate "2004.05.04"]

1. e4 e5 2. Nf3 Nc6 3. Bb5 a6 4. Ba4 d6 5. c3 Nf6 6. d4 Bd7 7. Nbd2 Be7 8. O-O b5 9. Bc2 O-O 10. h3 Re8 11. Re1 Bf8 12. Nf1 h6 13. Ng3 g6 14. a4 Na5 15. Nh2 c5 16. d5 c4 17. f4 exf4 18. Bxf4 Nb7 19. Nf3 Nc5 20. e5 dxe5 21. Nxe5 g5 22. Bc1 Bd6 23. Nxd7 Qxd7 24. Rxe8+ Rxe8 25. Nf5 Bf8 26. axb5 axb5 27. d6 Nfe4 28. Qd5 Nxd6 29. Nxh6+ Bxh6 30. Bxg5 Bf8 31. Bf6 Ne6 32. Qh5 Ng7 33. Qh7# 1-0

[Event "Policka women"]
[Site "Policka CZE"]
[Date "1993.??.??"]
[Round "3"]
[White "Kawaciukova, Zuzana"]
[Black "Eretova, Kveta"]
[Result "0-1"]
[WhiteElo "2085"]
[BlackElo "2090"]
[PlyCount "100"]
[EventDate "1993.??.??"]
[Source "www.chesslib.no"]
[SourceDate "2004.05.04"]

1. e4 e5 2. Nf3 Nc6 3. Bb5 a6 4. Ba4 d6 5. c3 Nge7 6. d3 Ng6 7. Be3 Be7 8. Nbd2 O-O 9. h4 Bg4 10. g3 Re8 11. Qc2 b5 12. Bb3 Na5 13. Ng5 Nxb3 14. Qxb3 Nh8 15. f3 Bd7 16. f4 h6 17. Ngf3 Bf8 18. f5 Bc6 19. g4 d5 20. Qc2 a5 21. g5 h5 22. Rg1 Qd7 23. O-O-O b4 24. c4 d4 25. Bf2 a4 26. b3 axb3 27. Nxb3 Ra3 28. Kd2 Qc8 29. Rb1 Qa8 30. Rb2 Bd7 31. Nh2 c5 32. Nf1 g6 33. f6 Re6 34. Nh2 Rea6 35. Ra1 Ba4 36. Rab1 Qc8 37. Qd1 Qh3 38. Qg1 Bc6 39. Qg3 Qe6 40. Nc1 Bxe4 41. Nf3 Bc6 42. Rb3 Bd6 43. Qg2 e4 44. dxe4 Bf4+ 45. Kd1 Bxe4 46. R1b2 Rxb3 47. Nxb3 Qc6 48. Nbxd4 cxd4 49. Qh3 Bxf3+ 50. Ke1 Bg4 0-1